| 000 | 01178cab a2200205 4500 | ||
|---|---|---|---|
| 001 | ABS67308 | ||
| 008 | 040107n2003 000 0 eng u | ||
| 035 | _a(Sirsi) u124750 | ||
| 100 | _aWilliams, P. | ||
| 245 | _aNew codes of practice | ||
| 260 | _c2003 | ||
| 490 |
_aAccess by Design _v (97) Winter 2003, 6-9(3) |
||
| 520 | _aLooks at two new codes of practice for the Disability Discrimination Act 1995Part II, issued for consultation by the Disability Rights Commission (DRC), to replace existing codes. The two replacements are longer than the originals, partially because the law is now more complicated and partially because they contain more examples of how the new law is intended to operate. View "Draft code of practice: trade organisations and qualifications bodies" and "Draft code of practice: employment and occupation" at www.drc-gb.org. | ||
| 590 | _aABS | ||
| 650 | _aMANAGEMENT-BUSINESS MANAGEMENT-DISCRIMINATION-DISABILITY DISCRIMINATION-ACCESSIBILITY | ||
| 650 | _aDISABILITY DISCRIMINATION ACT 1995 | ||
| 690 | _aBUILT ENVIRONMENT-BUILDING STANDARDS | ||
| 856 |
_uhttps://www.drc-gb.org _zView the draft codes on the DRC website... |
||
| 942 | _n0 | ||
| 999 |
_c74039 _d74039 |
||